000 00581nam a22001697a 4500
003 OSt
005 20171010095511.0
008 120813t xxu||||| |||| 00| 0 eng d
040 _aMMSU
_cULS
100 _aDumaoal, Arnold F.
_912066
245 _aEffects of anatomical marks and draft accessories on work performance of draft animals
_cArnold F. Dumaoal
260 _c1993
300 _axiv, 116 leaves
_c28 cm.
500 _aThesis (MS Agriculture) -- Mariano Marcos State University-Graduate School, Laoag City
504 _aBibliography: leaves 49-51
942 _2ddc
_cTHEDIS
999 _c9712
_d9712